[Event "28th Nezhmetdinov mem"]
[Site "Kazan RUS"]
[Date "2006.06.01"]
[Round "1"]
[White "Kalegin,E"]
[Black "Gerasimov,I"]
[Result "0-1"]
[WhiteElo "2458"]
[BlackElo "2227"]

1.e4 c5 2.Nf3 d6 3.Bb5+ Nc6 4.Bxc6+ bxc6 5.O-O Bg4 6.h3 Bxf3 7.Qxf3 e5 8.d3 Nf6
9.Qe2 Be7 10.f4 exf4 11.Bxf4 O-O 12.Nd2 Ne8 13.e5 d5 14.Qg4 Nc7 15.Be3 Ne6
16.Rf5 Qd7 17.Raf1 Rab8 18.b3 Rb4 19.c4 a5 20.Kh1 a4 21.Bh6 Bd8 22.R1f3 Kh8
23.Bxg7+ Nxg7 24.Rxf7 Qxf7 25.Rxf7 Rxf7 26.Qc8 Rf8 27.Qxc6 Bg5 28.Qxc5 Rbb8
29.Nf3 axb3 30.axb3 Bf4 31.g4 dxc4 32.dxc4 Rfd8 33.b4 Ra8  0-1

[Event "Summer-1"]
[Site "Alushta UKR"]
[Date "2006.06.02"]
[Round "1"]
[White "Shtyrenkov,V"]
[Black "Golubev,M"]
[Result "1/2-1/2"]
[WhiteElo "2416"]
[BlackElo "2484"]

1.e4 c5 2.Nf3 d6 3.Bb5+ Bd7 4.Bxd7+ Qxd7 5.c4 Nc6 6.O-O g6 7.d4 cxd4 8.Nxd4 Nf6
9.f3 Bg7 10.Be3 O-O 11.Nc3 Rfc8 12.b3  1/2-1/2

[Event "28th Nezhmetdinov mem"]
[Site "Kazan RUS"]
[Date "2006.06.02"]
[Round "2"]
[White "Alavkin,A"]
[Black "Gazizov,R"]
[Result "1-0"]
[WhiteElo "2485"]
[BlackElo "2254"]

1.e4 c5 2.Nf3 d6 3.Bb5+ Bd7 4.Bxd7+ Qxd7 5.O-O Nc6 6.c3 Nf6 7.Qe2 e6 8.d4 cxd4
9.cxd4 d5 10.e5 Ne4 11.Be3 Be7 12.Ne1 h5 13.Nd3 b6 14.f3 Ng5 15.Nd2 g6 16.Rac1 Kf8
17.f4 Nh7 18.h3 Kg7 19.g4 hxg4 20.hxg4 f5 21.exf6+ Nxf6 22.Qg2 Rh4 23.Nf2 Rah8
24.Nf3 R4h7 25.f5 Bd6 26.fxg6 Kxg6 27.Rfd1 Nd8 28.g5 Ne8 29.Ng4 Nf7 30.Nh6  1-0

[Event "28th Nezhmetdinov mem"]
[Site "Kazan RUS"]
[Date "2006.06.03"]
[Round "3"]
[White "Kalegin,E"]
[Black "Lyanguzov,O"]
[Result "1-0"]
[WhiteElo "2458"]
[BlackElo "2333"]

1.e4 c5 2.Nf3 d6 3.Bb5+ Bd7 4.Bxd7+ Nxd7 5.O-O Ngf6 6.d3 e6 7.Nc3 Qc7 8.Ng5 h6
9.Nh3 g5 10.f4 gxf4 11.Nxf4 O-O-O 12.Nb5 Qb6 13.c4 Bg7 14.a4 Kb8 15.Bd2 a6
16.Qe1 axb5 17.Ba5 Qa7 18.axb5 b6 19.Bxb6 Qxb6 20.Ra6 Kb7 21.Rxb6+ Kxb6 22.Qg3 Ne8
23.Ra1 Kb7 24.e5 Nxe5 25.Nh5 Rg8 26.d4 cxd4 27.Qa3 Kc8 28.Qa8+ Kd7 29.Ra7+ Nc7
30.Rxc7+ Kxc7 31.Qa7+  1-0

[Event "28th Nezhmetdinov mem"]
[Site "Kazan RUS"]
[Date "2006.06.03"]
[Round "3"]
[White "Kabanov,N"]
[Black "Kornev,Alexei"]
[Result "0-1"]
[WhiteElo "2504"]
[BlackElo "2575"]

1.e4 c5 2.Nf3 d6 3.Bb5+ Nc6 4.O-O Bd7 5.Re1 Nf6 6.c3 a6 7.Bf1 Bg4 8.d3 e6
9.Nbd2 d5 10.h3 Bh5 11.Qe2 Be7 12.g4 Bg6 13.Bg2 O-O 14.Nh4 dxe4 15.Nxg6 hxg6
16.dxe4 Qc7 17.e5 Nd5 18.Nf1 b5 19.Qe4 Rad8 20.Ne3 c4 21.Nxd5 Rxd5 22.Bf4 g5
23.Bg3 Rfd8 24.Kh2 Bc5 25.b4 Bb6 26.a4 Ne7 27.axb5 axb5 28.h4 Rd3 29.hxg5 Rxc3
30.Ra8 Rd3 31.f4 Rxa8 32.Qxa8+ Rd8 33.Qf3 g6 34.f5 gxf5 35.g6 fxg6 36.Bh4 Rf8
37.Qf4 Rf7 38.Ra1 Rh7 39.Kg3 Kf7 40.Bf6 Qd7 41.Bf3 Nd5 42.Bxd5 Qxd5 43.Rf1 Qd3+
44.Qf3 Qxf3+  0-1

[Event "37th Olympiad w"]
[Site "Turin ITA"]
[Date "2006.06.03"]
[Round "12"]
[White "Sedina,E"]
[Black "Moylan,L"]
[Result "1-0"]
[WhiteElo "2373"]
[BlackElo "2127"]

1.e4 c5 2.Nf3 d6 3.Bb5+ Bd7 4.Bxd7+ Qxd7 5.O-O Nf6 6.Re1 Nc6 7.b3 e6 8.Bb2 Be7
9.c4 O-O 10.d4 cxd4 11.Nxd4 Rfd8 12.Nc3 a6 13.Nxc6 bxc6 14.f4 d5 15.e5 Qa7+
16.Kh1 dxc4 17.Qe2 Nd5 18.Qxc4 Qf2 19.Re2 Qc5 20.Qxc5 Bxc5 21.g3 Nxc3 22.Bxc3 Rd3
23.Ba5 Ba3 24.Rc2 c5 25.Kg2 Kf8 26.Kf2 Ke8 27.Ke2 Rd5 28.Rc4 Rb8 29.Rd1 Rxd1
30.Kxd1 Bb4 31.Bc7 Rb5 32.Bd6 a5 33.Kc2 Ba3 34.Ra4 Bb4 35.a3 Be1 36.Rc4 Bf2
37.a4 Rb4 38.Rxb4 cxb4 39.Bc7 Bg1 40.h3 Bh2 41.Kd3 Bxg3 42.Ke4 Kd7 43.Bxa5 Be1
44.Bb6 Kc6 45.Be3 Kd7 46.Kd3 Kc6 47.Kc4 Bc3 48.Bc5 Bd2 49.Bf8 g6 50.Bh6 Kb6
51.Bg5 h5 52.Bh6 Bc3 53.Bg5 Bd2 54.Kd3 Bc3 55.Be7 Kc6 56.Ke4 Bd2 57.Bg5 Kb6
58.Bh4 Kc6 59.Bf2 Bc3 60.Be3 Be1 61.Kd3 Bg3 62.Kc4 Be1 63.a5 Bc3 64.a6 g5
65.fxg5 Bxe5 66.Kxb4 f5 67.gxf6 Bxf6 68.Kc4 Be5 69.b4  1-0

[Event "21st Schachtage"]
[Site "Hassloch GER"]
[Date "2006.06.04"]
[Round "5"]
[White "Mueller,HG"]
[Black "Ollenberger,R"]
[Result "1-0"]
[WhiteElo "2224"]
[BlackElo "2119"]

1.e4 c5 2.Nf3 d6 3.Bb5+ Nc6 4.O-O Bd7 5.Re1 Nf6 6.c3 Qb6 7.Bf1 Bg4 8.h3 Bxf3
9.Qxf3 g6 10.d3 Bg7 11.Na3 O-O 12.g4 Rae8 13.Qg2 Qa5 14.f4 Nd7 15.f5 b5 16.Bd2 Qb6
17.Kh1 a5 18.d4 b4 19.Nc4 Qc7 20.dxc5 dxc5 21.Rac1 Nb6 22.Ne3 Na4 23.cxb4 axb4
24.Bb5 Nxb2 25.Nd5 Qb7 26.Rxc5 Ne5 27.Bxe8 Rxe8 28.Rc7 Qb8 29.Nxe7+ Kh8 30.Nd5 Ned3
31.Rf1 Bd4 32.fxg6 Nd1 33.Rcxf7 N1f2+ 34.R1xf2 Nxf2+ 35.Qxf2 Bxf2 36.Rxh7+ Kg8
37.Nf6+ Kf8 38.Rf7+  1-0

[Event "37th Olympiad w"]
[Site "Turin ITA"]
[Date "2006.06.04"]
[Round "13"]
[White "Arribas,M"]
[Black "Le Thanh Tu"]
[Result "1-0"]
[WhiteElo "2235"]
[BlackElo "2239"]

1.e4 c5 2.Nf3 d6 3.Bb5+ Nc6 4.O-O Bd7 5.Re1 Nf6 6.c3 a6 7.Bxc6 Bxc6 8.d4 Bxe4
9.Bg5 Bc6 10.Bxf6 gxf6 11.d5 Bd7 12.Nbd2 Bh6 13.Ne4 Kf8 14.Nh4 Qb6 15.Qh5 Bg7
16.Nf5 Bxf5 17.Qxf5 Re8 18.Re3 Qxb2 19.Rae1 Qb6 20.Ng3 Bh6 21.Rxe7 Rxe7 22.Qc8+ Kg7
23.Nf5+ Kg6 24.Nxe7+ Kg7 25.Nf5+ Kg6 26.Qxh8  1-0

[Event "28th Nezhmetdinov mem"]
[Site "Kazan RUS"]
[Date "2006.06.05"]
[Round "5"]
[White "Yandemirov,V"]
[Black "Gerasimov,I"]
[Result "0-1"]
[WhiteElo "2520"]
[BlackElo "2227"]

1.e4 c5 2.Nf3 d6 3.Bb5+ Bd7 4.Bxd7+ Nxd7 5.O-O Ngf6 6.Qe2 Rc8 7.b3 g6 8.Bb2 Bg7
9.c4 e5 10.Nc3 O-O 11.Ne1 Nh5 12.g3 Nb8 13.Nd5 Nc6 14.Ng2 Qd7 15.f4 exf4
16.Bxg7 Kxg7 17.Ngxf4 Nxf4 18.Rxf4 Nd4 19.Qf2 f5 20.exf5 Rxf5 21.Rxf5 Qxf5
22.Qxf5 Nxf5 23.Re1 Rf8 24.Nc7 Rf7 25.Ne6+ Kf6 26.Nf4 Kg7 27.Re8 Re7 28.Rd8 h5
29.Kf2 b6 30.h3 Rf7 31.Ne6+ Kf6 32.Nf4 Kg7 33.Kf3 h4 34.gxh4 Nd4+ 35.Kg4 Rxf4+
36.Kxf4 Ne6+ 37.Ke4 Nxd8  0-1

[Event "FSGM June"]
[Site "Budapest HUN"]
[Date "2006.06.07"]
[Round "4"]
[White "Cornette,M"]
[Black "Gonda,L"]
[Result "1-0"]
[WhiteElo "2448"]
[BlackElo "2465"]

1.e4 c5 2.Nf3 d6 3.Bb5+ Bd7 4.Bxd7+ Qxd7 5.O-O Nf6 6.Re1 Nc6 7.c3 e6 8.d4 cxd4
9.cxd4 d5 10.e5 Ne4 11.Nbd2 Nxd2 12.Bxd2 Bb4 13.Bxb4 Nxb4 14.a3 Nc6 15.Qd3 h6
16.Nh4 Qd8 17.g3 Qb6 18.Red1 Na5 19.Rac1 Nc4 20.Ng6 Rg8 21.Nf4 Qxb2 22.Nxe6 Qxa3
23.Nc7+ Kd7 24.Qf5+  1-0

[Event "2nd Open"]
[Site "San Marino SMR"]
[Date "2006.06.07"]
[Round "3"]
[White "Lanzani,M"]
[Black "Massironi,M"]
[Result "1-0"]
[WhiteElo "2347"]
[BlackElo "2118"]

1.e4 c5 2.Nf3 d6 3.Bb5+ Bd7 4.Bxd7+ Qxd7 5.O-O Nc6 6.c3 Nf6 7.d4 cxd4 8.cxd4 d5
9.e5 Ne4 10.Be3 e6 11.Nbd2 Nxd2 12.Qxd2 Be7 13.h4 Rc8 14.a3 O-O 15.h5 h6
16.b4 b5 17.Ne1 f6 18.f4 Rc7 19.Nd3 Rfc8 20.exf6 Bxf6 21.Nc5 Qe8 22.g4 Nd8
23.g5 Be7 24.g6 Nb7 25.f5 Nd6 26.Bxh6 Nxf5 27.Bf4 Rc6 28.Be5 Qd8 29.Nxe6 Rxe6
30.Rxf5 Rec6 31.Raf1 Rc2 32.Rf7 Bf8 33.Rxf8+ Qxf8 34.Rxf8+ Kxf8 35.Qf4+ Ke7
36.Qf7+ Kd8 37.Qxd5+ Ke8 38.Qg8+  1-0

[Event "Summer-1"]
[Site "Alushta UKR"]
[Date "2006.06.09"]
[Round "11"]
[White "Podgursky,S"]
[Black "Golubev,M"]
[Result "1/2-1/2"]
[WhiteElo "2314"]
[BlackElo "2484"]

1.e4 c5 2.Nf3 d6 3.Bb5+ Bd7 4.Bxd7+ Nxd7 5.c4 Ne5 6.d3 Nxf3+ 7.Qxf3 g6 8.O-O Bg7
9.Nc3 e6 10.Qg3 Ne7 11.Bf4 Nc8 12.Rad1 O-O 13.h4 h5 14.Rfe1 Kh7 15.Be3 Nb6
16.Nb5 Be5 17.Bf4 Bxf4 18.Qxf4 e5 19.Qg3 Na4 20.b3 a6 21.bxa4 axb5 22.axb5 f5
23.f4 Rxa2 24.Rf1 Qf6 25.Rf3 fxe4 26.fxe5 Rxg2+ 27.Qxg2 exf3 28.exf6 fxg2
29.Re1 Rxf6 30.Re7+ Kh6 31.Rxb7 Rf3 32.Rd7 Rxd3 33.b6 Rd2 34.b7 Rb2 35.Kh2 g5
36.Rxd6+ Kg7 37.hxg5 Rxb7 38.Kxg2 Rb4 39.Rh6 Rxc4 40.Rxh5 Kg6 41.Rh8 Kxg5
42.Kf3 Kf6 43.Ke3 Ke5  1/2-1/2

[Event "Lasker Mem A"]
[Site "Barlinek POL"]
[Date "2006.06.10"]
[Round "8"]
[White "Kolomytchenko,I"]
[Black "Kopinski,T"]
[Result "1-0"]
[WhiteElo "2079"]
[BlackElo "2069"]

1.e4 c5 2.Nf3 d6 3.Bb5+ Bd7 4.Bxd7+ Nxd7 5.O-O e5 6.c4 Ngf6 7.Nc3 Be7 8.d3 O-O
9.h3 Rb8 10.Be3 a6 11.a4 Ne8 12.g4 Nc7 13.a5 Ne6 14.Nd5 Re8 15.Qd2 Bf8 16.Kh2 Nf6
17.Nb6 Nd7 18.Nxd7 Qxd7 19.Rfb1 b5 20.axb6 Rxb6 21.Ng1 Reb8 22.Ne2 Qb7 23.Ra2 Rb3
24.Nc1 Rb4 25.b3 Qc6 26.Rba1 Nc7 27.Ra3 Qd7 28.f3 g6 29.Qc2 f5 30.Na2 R4b6
31.Nc3 Qf7 32.Kg2 Be7 33.Nd5 Nxd5 34.cxd5 fxg4 35.hxg4 Rf8 36.Qe2 Bf6 37.Rxa6 Rxa6
38.Rxa6 Qb7 39.Rxd6 Be7 40.Re6 Rd8 41.Qc2 Qc7 42.Rc6 Qa5 43.Bxc5 Bg5 44.Bd6 Re8
45.Rc8 Qb5 46.Rxe8+ Qxe8 47.Qb2 Bf4  1-0

[Event "2nd Festival"]
[Site "Lodi ITA"]
[Date "2006.06.10"]
[Round "8"]
[White "Mrdja,M"]
[Black "Steingrimsson,H"]
[Result "1/2-1/2"]
[WhiteElo "2409"]
[BlackElo "2447"]

1.e4 c5 2.Nf3 d6 3.Bb5+ Nd7 4.O-O Nf6 5.Re1 a6 6.Bf1 b6 7.c4 Bb7 8.Nc3 Ne5
9.d3 e6 10.b3 Be7 11.h3 Nxf3+ 12.Qxf3 Nd7 13.Be3 Bf6 14.Rac1 O-O 15.Qd1 Bd4
16.Qd2 Bc6 17.Rc2 Re8 18.g3 Ra7 19.Bg2 Qa8 20.f4 f6 21.Qf2 Bxe3 22.Qxe3 e5  1/2-1/2

[Event "2nd Open"]
[Site "San Marino SMR"]
[Date "2006.06.11"]
[Round "9"]
[White "Lanzani,M"]
[Black "Govoni,F"]
[Result "1-0"]
[WhiteElo "2347"]
[BlackElo "2215"]

1.e4 c5 2.Nf3 d6 3.Bb5+ Bd7 4.Bxd7+ Qxd7 5.O-O Nf6 6.e5 dxe5 7.Nxe5 Qc7 8.d4 e6
9.Bf4 Bd6 10.Na3 Bxe5 11.dxe5 O-O 12.Nb5 Qb6 13.exf6 Qxb5 14.Bh6 Qxb2 15.Bxg7 Re8
16.Rb1 Qd4 17.Qh5 Qd5 18.Qh6 Qf5 19.Rb3 Qg6 20.Qh4 Nc6 21.Rg3 Rad8 22.Rxg6 fxg6
23.f7+ Kxf7 24.Qxh7 Re7 25.Bd4+  1-0

[Event "10th Heraclion Open"]
[Site "Athens GRE"]
[Date "2006.06.12"]
[Round "3"]
[White "Tassopoulos,M"]
[Black "Manolaraki,Y"]
[Result "1-0"]
[WhiteElo "2265"]
[BlackElo "2052"]

1.e4 c5 2.Nf3 d6 3.Bb5+ Bd7 4.Bxd7+ Qxd7 5.O-O Nf6 6.e5 dxe5 7.Nxe5 Qc7 8.d4 e6
9.Bf4 Bd6 10.Na3 Nd5 11.Nb5 Qe7 12.Nxd6+ Qxd6 13.Bg3 Qa6 14.c4 Nf6 15.dxc5 Nbd7
16.Nxd7 Nxd7 17.Qd4 f6 18.Rad1 Qc6 19.Qg4 O-O 20.Rd6 Qc8 21.Qxe6+ Rf7 22.b4 a5
23.a3 axb4 24.axb4 Nf8 25.Qd5 Ng6 26.c6  1-0

[Event "III Muhamedzjanov Mem"]
[Site "Nabereshnye Chelny RUS"]
[Date "2006.06.12"]
[Round "2"]
[White "Alavkin,A"]
[Black "Kovchan,A"]
[Result "1/2-1/2"]
[WhiteElo "2485"]
[BlackElo "2499"]

1.e4 c5 2.Nf3 d6 3.Bb5+ Nc6 4.O-O Bd7 5.Re1 Nf6 6.h3 e6 7.c3 Ne5 8.Bxd7+ Nexd7
9.d3 Be7 10.Nbd2 O-O 11.Nf1 Ne5 12.Ng3 Nfd7 13.Nh5 g6 14.Ng3 Bf6 15.Bh6 Bg7
16.Bxg7 Nxf3+ 17.Qxf3 Kxg7 18.Qe3 e5 19.Rad1 Qe7 20.d4 cxd4 21.cxd4 Rfe8
22.f4 exf4 23.Qxf4 Qf6 24.Qe3 Qe6 25.a3 Re7 26.Rc1 Rae8 27.Kh2 d5 28.e5 f6
29.Rc7 fxe5 30.dxe5 Nb6 31.Rxe7+ Rxe7 32.Qg5 Kh8 33.Qe3 a6 34.Rf1 Nd7 35.Qa7 Qxe5
36.Qxb7 Nf6 37.Qxa6 Kg7 38.Qd3 Qxb2 39.Rf4 Qe5 40.Qd4 Qxd4 41.Rxd4 Re3 42.a4 Kf7
43.Nf1 Ra3 44.Nd2 Ke6 45.Nf3 Ne4 46.Rb4 Nc3 47.Rb6+ Kf5 48.Rb7 Rxa4 49.Rxh7 Ne2  1/2-1/2

[Event "Open A"]
[Site "Voronezh RUS"]
[Date "2006.06.13"]
[Round "2"]
[White "Turkin,V"]
[Black "Ter Karapetian,Ar"]
[Result "1-0"]
[WhiteElo "2296"]
[BlackElo "2156"]

1.e4 c5 2.Nf3 d6 3.Bb5+ Bd7 4.Bxd7+ Qxd7 5.O-O Nc6 6.c3 Nf6 7.Qe2 e6 8.d4 cxd4
9.cxd4 d5 10.e5 Ne4 11.Be3 Be7 12.Ne1 h6 13.g3 O-O 14.f3 Ng5 15.h4 Nh7 16.Nd3 f6
17.Nd2 fxe5 18.dxe5 Rf7 19.f4 Nb4 20.Nxb4 Bxb4 21.Nf3 Nf8 22.a3 Ba5 23.h5 Qe8
24.Rac1 Qa4 25.Qd3 Rf5 26.Kg2 a6 27.Bc5 Nd7 28.Bd4 Bd8 29.Rf2 Nb6 30.Bc5 Qe8
31.Nd4 Rxh5 32.Qf3 Rc8 33.Nxe6 Qxe6 34.Qxh5 Nc4 35.Bd4 Qd7 36.b3  1-0

[Event "Spiltan & Pelaro IM"]
[Site "Goteborg SWE"]
[Date "2006.06.14"]
[Round "5"]
[White "Kasparov,S"]
[Black "Svensson,B"]
[Result "1-0"]
[WhiteElo "2481"]
[BlackElo "2388"]

1.e4 c5 2.Nf3 d6 3.Bb5+ Bd7 4.Bxd7+ Qxd7 5.c4 Nc6 6.Nc3 g6 7.d4 cxd4 8.Nxd4 Bg7
9.Nde2 Nf6 10.f3 O-O 11.O-O Rac8 12.Bg5 Qd8 13.Qd2 a6 14.Kh1 Qa5 15.Rfd1 Rfe8
16.Rac1 b5 17.cxb5 axb5 18.Bxf6 Bxf6 19.Nd5 Qxa2 20.Nxf6+ exf6 21.Nc3 Qa5
22.Nd5 Qxd2 23.Rxd2 Kg7 24.Nb6 Na7 25.Nxc8 Nxc8 26.Kg1 Nb6 27.b3  1-0

[Event "Open A"]
[Site "Voronezh RUS"]
[Date "2006.06.14"]
[Round "3"]
[White "Chuprov,D"]
[Black "Khismatullin,D"]
[Result "0-1"]
[WhiteElo "2525"]
[BlackElo "2584"]

1.e4 c5 2.Nf3 d6 3.Bb5+ Nd7 4.O-O Nf6 5.Re1 a6 6.Bf1 b6 7.d4 cxd4 8.Nxd4 Bb7
9.f3 e6 10.c4 Be7 11.Nc3 O-O 12.Be3 Rc8 13.Qd2 Qc7 14.Rac1 Qb8 15.Kh1 Bd8
16.Bg1 Ne5 17.b3 Re8 18.a4 h6 19.Red1 Bc7 20.Qa2 Bd8 21.Rc2 h5 22.Bf2 Qa8
23.Re2 Ng6 24.Ree1 Bc7 25.Qd2 Qb8 26.Bg1 h4 27.Rb1 Qa8 28.Bf2 Red8 29.b4 Rd7
30.Qa2 Bd8 31.h3 Nh5 32.Kg1 Ng3 33.Nd1 Nxf1 34.Kxf1 Bf6 35.Rc1 d5 36.exd5 Bxd5
37.cxd5 Rxc1 38.dxe6 Qd5 39.exf7+ Kxf7 40.Qe2 Re7  0-1

[Event "Open A"]
[Site "Voronezh RUS"]
[Date "2006.06.14"]
[Round "3"]
[White "Lastin,A"]
[Black "Kryakvin,D"]
[Result "1/2-1/2"]
[WhiteElo "2610"]
[BlackElo "2472"]

1.e4 c5 2.Nf3 d6 3.Bb5+ Bd7 4.Bxd7+ Qxd7 5.O-O Nc6 6.c3 Nf6 7.Re1 e6 8.d4 cxd4
9.cxd4 d5 10.e5 Ne4 11.Nbd2 Nxd2 12.Bxd2 Be7 13.Rc1 a5 14.a3 a4 15.h4 Na5
16.Bxa5 Rxa5 17.Re3 O-O 18.Rec3 Qb5 19.R1c2 Ra6 20.Qc1 h6 21.Rc7 Bd8 22.R2c3 Qb3
23.Rd7 Ra8 24.Qc2 Qxc2 25.Rxc2  1/2-1/2

[Event "Open A"]
[Site "Voronezh RUS"]
[Date "2006.06.14"]
[Round "3"]
[White "Efanov,N"]
[Black "Petrushin,A"]
[Result "0-1"]
[WhiteElo "2268"]
[BlackElo "2461"]

1.e4 c5 2.Nf3 d6 3.Bb5+ Bd7 4.Bxd7+ Nxd7 5.d4 cxd4 6.Qxd4 Ngf6 7.c4 e6 8.Nc3 a6
9.O-O Rc8 10.b3 Be7 11.Bb2 O-O 12.Rfe1 Qa5 13.h3 Rfd8 14.Nd2 Ne5 15.a4 Nfd7
16.Ne2 Bf6 17.Bc3 Qc5 18.Qxc5 Nxc5 19.f4 Ned3 20.Bxf6 gxf6 21.Rf1 Kf8 22.Rab1 Ke7
23.Nc3 Nb4 24.Rf3 Rg8 25.Nf1 Nc2 26.Rf2 Nd4 27.Nd2 Nd3 28.Rff1 Rg3 29.Nf3 Nxf3+
30.Rxf3 Rxf3 31.gxf3 Nxf4 32.Kf2 Nd3+ 33.Ke3 Nc5 34.a5 Rg8 35.Ne2 Rg2 36.b4 Nd7
37.Rg1 Rh2 38.Rg8 Nf8 39.b5 Rxh3 40.Nd4 Rh5 41.Kd3 Rc5 42.bxa6 bxa6 43.Kc3 h5
44.Rh8 Ng6 45.Ra8 Ne5 46.Ra7+ Kd8 47.f4 Rxc4+ 48.Kb3 Rxd4 49.fxe5 fxe5 50.Rxa6 Kc7
51.Ra7+ Kc6 52.Rxf7 Kb5 53.Rf6 Rxe4 54.Rxe6 Rd4  0-1

[Event "10th Heraclion Open"]
[Site "Athens GRE"]
[Date "2006.06.15"]
[Round "6"]
[White "Aggelis,N"]
[Black "Himaras,S"]
[Result "0-1"]
[WhiteElo "1994"]
[BlackElo "2208"]

1.e4 c5 2.Nf3 d6 3.Bb5+ Bd7 4.Bxd7+ Nxd7 5.c4 Ngf6 6.Nc3 Ne5 7.Nxe5 dxe5
8.Qa4+ Nd7 9.O-O e6 10.d3 Be7 11.f4 exf4 12.Bxf4 O-O 13.Rad1 Nb8 14.Qb5 Qc8
15.Be3 b6 16.Ne2 Nc6 17.d4 a6 18.Qa4 cxd4 19.Nxd4 Ne5 20.b3 Bc5 21.b4 Nxc4
22.Bc1 b5 23.Qb3 Bb6 24.Kh1 Rd8 25.Nf3 h6 26.Bb2 Qb7 27.e5 Ne3 28.Rxd8+ Rxd8
29.Re1 Qd5 30.Qxd5 Rxd5 31.Rc1 Nc4 32.Bc3 Be3 33.Re1 Rd3 34.Ba1 Nd2 35.Nxd2 Rxd2
36.Bc3 Rd3 37.Bb2 Bd4 38.Bxd4 Rxd4 39.a3 Rd3 40.a4 bxa4 41.Ra1 Rb3  0-1

[Event "National Open"]
[Site "Las Vegas USA"]
[Date "2006.06.16"]
[Round "1"]
[White "Wang,Dr"]
[Black "Kudrin,S"]
[Result "0-1"]
[WhiteElo "2183"]
[BlackElo "2553"]

1.e4 c5 2.Nf3 d6 3.Bb5+ Nc6 4.O-O Bd7 5.c3 a6 6.Ba4 Nf6 7.Re1 b5 8.Bc2 Bg4
9.h3 Bxf3 10.Qxf3 g6 11.a4 Rb8 12.axb5 axb5 13.Qd1 Qb6 14.d3 Bg7 15.Be3 Nd7
16.Nd2 O-O 17.Nf3 Ra8 18.Qd2 Ra6 19.d4 Rfa8 20.Rxa6 Qxa6 21.dxc5 Nxc5 22.e5 Nb7
23.Bf4 dxe5 24.Nxe5 Nxe5 25.Bxe5 Bxe5 26.Rxe5 Qa1+ 27.Kh2 Qxb2 28.Qd5 Qxc2
29.Qxb7 Rf8 30.Qf3 Re8 31.Qe3 Qb2 32.f4 Rc8 33.Rxe7 Qxc3 34.Qb6 Qc6 35.Qxc6 Rxc6
36.Rb7 Rc5 37.Kg3 Rc3+ 38.Kg4 Rb3 39.f5 Kg7 40.Kf4 Rb1 41.Ke5 g5 42.Rb8 b4
43.f6+ Kg6 44.Rg8+ Kh6 45.Rb8 b3  0-1

[Event "National Open"]
[Site "Las Vegas USA"]
[Date "2006.06.17"]
[Round "3"]
[White "Khachiyan,M"]
[Black "Cheng,X"]
[Result "1-0"]
[WhiteElo "2465"]
[BlackElo "2270"]

1.e4 c5 2.Nf3 d6 3.Bb5+ Bd7 4.Bxd7+ Qxd7 5.c4 Nf6 6.Nc3 g6 7.d4 cxd4 8.Nxd4 Bg7
9.f3 O-O 10.Be3 Nc6 11.O-O Rfc8 12.b3 Qd8 13.Rc1 a6 14.Qd2 Nd7 15.Rfd1 Nc5
16.Qf2 Ne5 17.Qh4 Bf6 18.Bg5 Bxg5 19.Qxg5 e6 20.Qe3 Qe7 21.Rd2 Rd8 22.Rcd1 Rac8
23.f4 Ng4 24.Qe2 Nf6 25.e5 Nh5 26.Qe3 dxe5 27.fxe5 Nd7 28.Nf3 Nf8 29.Ne4 Rxd2
30.Qxd2 Rc7 31.Qd8 Qxd8 32.Rxd8 Rd7 33.Rb8 Kg7 34.Nd6 f5 35.g3 h6 36.c5  1-0

[Event "Open A"]
[Site "Voronezh RUS"]
[Date "2006.06.18"]
[Round "6"]
[White "Turkin,V"]
[Black "Rudnev,Y"]
[Result "1-0"]
[WhiteElo "2296"]
[BlackElo "2142"]

1.e4 c5 2.Nf3 d6 3.Bb5+ Nc6 4.O-O Nf6 5.e5 dxe5 6.Nxe5 Qc7 7.Qf3 Bd7 8.Nxd7 Nxd7
9.Bxc6 bxc6 10.d3 e6 11.Bf4 Bd6 12.Bxd6 Qxd6 13.Nc3 O-O 14.Ne4 Qd5 15.Rfe1 f6
16.Qg3 e5 17.Nc3 Qd6 18.Ne4 Qd5 19.Qh3 Rae8 20.Qf5 g6 21.Qh3 Kg7 22.Nc3 Qd6
23.Re4 Rf7 24.Rh4 Kg8 25.Ne4 Qd5 26.b3 Rfe7 27.Re1 Rf8 28.Re3 f5 29.c4 Qd4
30.Nf6+ Nxf6 31.Rxd4 cxd4 32.Re1 c5 33.Qf3 e4 34.Qf4 Rfe8 35.Qd6 Kf7 36.dxe4 Rd7
37.Qxc5 Rxe4 38.Rd1 d3 39.f3 Re2 40.Qb4 Rc2 41.Rd2 Nh5 42.c5  1-0

[Event "Open A"]
[Site "Voronezh RUS"]
[Date "2006.06.18"]
[Round "6"]
[White "Kostin,Alexe"]
[Black "Charochkina,D"]
[Result "0-1"]
[WhiteElo "2420"]
[BlackElo "2216"]

1.e4 c5 2.Nf3 d6 3.Bb5+ Nc6 4.O-O Bd7 5.Re1 Nf6 6.c3 a6 7.Bf1 Bg4 8.d3 e6
9.Be3 Be7 10.Nbd2 Nd7 11.h3 Bh5 12.d4 cxd4 13.cxd4 O-O 14.Rc1 Bg6 15.a3 Nf6
16.Bg5 h6 17.Bh4 d5 18.e5 Ne4 19.Bxe7 Qxe7 20.Nb3 f6 21.exf6 Rxf6 22.Nc5 Raf8
23.Re3 Nxc5 24.Rxc5 Be4 25.Be2 Rf4 26.b4 Bxf3 27.Bxf3 Nxd4 28.Bxd5 Qf6 29.Bxb7 Rxf2
30.Qg4 Rf4 31.Qg3 Rf1+ 32.Kh2 Nf5 33.Qe5 Nxe3 34.Qxe3 Qa1 35.Bxa6 Rh1+ 36.Kg3 Re1
37.Qc3 Qd1 38.Bc4 Qd6+ 39.Kh4 Qf4+ 40.g4 Re3  0-1

[Event "ch-NED"]
[Site "Hilversum NED"]
[Date "2006.06.19"]
[Round "3"]
[White "Visser,Y"]
[Black "Tiviakov,S"]
[Result "0-1"]
[WhiteElo "2480"]
[BlackElo "2669"]

1.e4 c5 2.Nf3 d6 3.Bb5+ Nd7 4.a4 Nf6 5.d3 g6 6.a5 a6 7.Bxd7+ Nxd7 8.Nbd2 b5
9.axb6 Nxb6 10.e5 Bg7 11.exd6 exd6 12.Qe2+ Be6 13.Ne4 O-O 14.Bg5 Qc7 15.Qd2 Bd5
16.O-O f5 17.Nc3 Bxf3 18.gxf3 Qc6 19.Rfe1 Nd7 20.f4 Rab8 21.Re7 Rxb2 22.Qe1 Rb7
23.Rb1 Rxb1 24.Nxb1 d5 25.Nc3 d4 26.Na4 Kh8 27.Qe6 Qxe6 28.Rxe6 Ra8 29.Re7 Nf8
30.Nb6 Rb8 31.Nd5 h6 32.Bh4 g5 33.fxg5 Ng6 34.gxh6 Nxe7 35.hxg7+ Kxg7 36.Bxe7 Kf7
37.Bg5 a5 38.c3 a4 39.cxd4 a3 40.Bf6 Ke6 41.dxc5 Kxd5 42.Kg2 a2 43.Kf3 Rb3
44.Ke3 Kxc5 45.h4 Rb4  0-1

[Event "Open A"]
[Site "Voronezh RUS"]
[Date "2006.06.19"]
[Round "7"]
[White "Magrifin,I"]
[Black "Kruchev,B"]
[Result "1/2-1/2"]
[WhiteElo "2151"]
[BlackElo "2328"]

1.e4 c5 2.Nf3 d6 3.Bb5+ Nd7 4.O-O e5 5.c3 a6 6.Bd3 Be7 7.Bc2 Ngf6 8.d4 O-O
9.Nbd2 Re8 10.b4 exd4 11.cxd4 cxb4 12.Re1 Nf8 13.h3 b5 14.Bb3 Ne6 15.Nf1 Bf8
16.Ng3 Bb7 17.Qd3 Qd7 18.Bb2 a5 19.Rad1 a4 20.Bc2 Rac8 21.Bb1 Nf4 22.Qd2 N4h5
23.Nxh5 Nxh5 24.d5 g6 25.Qxb4 Rc4 26.Qd2 Bg7 27.Nh2 Nf6 28.Bd3 Nxe4 29.Bxc4  1/2-1/2

[Event "Open A"]
[Site "Voronezh RUS"]
[Date "2006.06.19"]
[Round "7"]
[White "Andreikin,D"]
[Black "Kornev,Alexei"]
[Result "1/2-1/2"]
[WhiteElo "2481"]
[BlackElo "2575"]

1.e4 c5 2.Nf3 d6 3.Bb5+ Nc6 4.O-O Bd7 5.c3 Nf6 6.Re1 a6 7.Bf1 Bg4 8.d3 e6
9.Nbd2 d5 10.h3 Bh5 11.g4 Bg6 12.Nh4 dxe4 13.dxe4 Qc7 14.Qe2 Bd6 15.Nxg6 hxg6
16.Nc4 Bh2+ 17.Kh1 Nd7 18.Bg2 O-O-O 19.Be3 Bf4 20.Rad1 Bxe3 21.Qxe3 Nde5
22.Nxe5 Nxe5 23.Kg1 c4 24.b3 Nd3 25.Re2 Nf4 26.Red2 Rd3 27.Rxd3 cxd3 28.e5 g5
29.Qa7 Nxh3+ 30.Bxh3 Rxh3 31.Kg2 Rh4 32.Qa8+ Qb8 33.Qxb8+ Kxb8 34.f3 Kc7
35.Rxd3 Rh8 36.c4 a5 37.Rd6 b6 38.a3 Re8 39.Kf2 Ra8 40.Kf1 Rb8 41.Kf2 Re8
42.Kg3 Re7 43.Kf2 Re8  1/2-1/2

[Event "Open A"]
[Site "Voronezh RUS"]
[Date "2006.06.21"]
[Round "9"]
[White "Yaksin,O"]
[Black "Neverov,V"]
[Result "0-1"]
[WhiteElo "2198"]
[BlackElo "2572"]

1.e4 c5 2.Nf3 d6 3.Bb5+ Bd7 4.Bxd7+ Qxd7 5.O-O Nc6 6.c3 Nf6 7.Re1 e6 8.d4 cxd4
9.cxd4 d5 10.e5 Ne4 11.Nbd2 Nxd2 12.Bxd2 Be7 13.Rc1 O-O 14.Rc3 Rfc8 15.a3 Rc7
16.Rd3 Rac8 17.h4 Bf8 18.Nh2 Ne7 19.g4 Qb5 20.Qb3 Qa6 21.Nf1 Rc6 22.Bb4 Ng6
23.Bxf8 Rxf8 24.h5 Nf4 25.Rd2 f6 26.exf6 Rxf6 27.Ng3 Qa5 28.Qe3 Qc7 29.Ne2 h6
30.Nc3 Qf7 31.Qg3 Rc8 32.Ne2 Rf8 33.Nxf4 Rxf4 34.Re3 Qf6 35.g5 hxg5 36.Re5 Rf3
37.Qxg5 Rxf2 38.Qxf6 gxf6 39.Rxf2 fxe5 40.Re2 Rf5 41.Rg2+ Kf7 42.h6 exd4
43.Rg7+ Kf6 44.Rxb7 d3 45.h7 Rh5 46.Kf2 e5 47.Ke3 Rh3+ 48.Kd2 e4 49.Rd7 Ke6
50.Rxa7 Rh2+ 51.Kc3 d4+  0-1

[Event "Open A"]
[Site "Balatonlelle HUN"]
[Date "2006.06.22"]
[Round "6"]
[White "Videki,S"]
[Black "Szalanczy,E"]
[Result "1-0"]
[WhiteElo "2414"]
[BlackElo "2369"]

1.e4 c5 2.Nf3 d6 3.Bb5+ Nd7 4.d4 cxd4 5.Qxd4 e5 6.Qd3 h6 7.Be3 Nf6 8.Nc3 Be7
9.O-O O-O 10.Bc4 Nb8 11.Nd5 Nxd5 12.Bxd5 Nd7 13.a4 Nf6 14.Bb3 Bd7 15.Rfd1 Bc6
16.Nd2 d5 17.exd5 Nxd5 18.Nf3 Nxe3 19.Qxe3 Qe8 20.Nxe5 Bg5 21.Qg3 Bh4 22.Qf4 Bg5
23.Qf5 Bf6 24.Re1 Qd8 25.Rad1 Qa5 26.Nxf7 Qxf5 27.Nxh6+ Kh7 28.Nxf5 Bxb2
29.Ne7 Rad8 30.c3 g6 31.Bc2 Kh6 32.Nxg6 Rg8 33.Nf4 Bxc3 34.Re6+ Kg5 35.Rxd8 Rxd8
36.Rxc6  1-0

[Event "Zudov Memorial"]
[Site "Nizhnij Tagil RUS"]
[Date "2006.06.23"]
[Round "4"]
[White "Ovetchkin,R"]
[Black "Isajevsky,A"]
[Result "1-0"]
[WhiteElo "2548"]
[BlackElo "2441"]

1.e4 c5 2.Nf3 d6 3.Bb5+ Nc6 4.Bxc6+ bxc6 5.O-O Bg4 6.h3 Bh5 7.Re1 e5 8.c3 Nf6
9.d4 cxd4 10.cxd4 Nd7 11.Nbd2 Be7 12.Qc2 Qc7 13.b3 O-O 14.Bb2 Rfe8 15.Re3 Rac8
16.Rc3 Qb7 17.Nc4 Bxf3 18.Rxf3 exd4 19.Bxd4 d5 20.exd5 cxd5 21.Qf5 f6 22.Na5 Qb5
23.a4 Qxa5 24.Qxd7 Bf8 25.Bxf6  1-0

[Event "Aerosvit GM"]
[Site "Foros UKR"]
[Date "2006.06.24"]
[Round "7"]
[White "Rublevsky,S"]
[Black "Harikrishna,P"]
[Result "1-0"]
[WhiteElo "2687"]
[BlackElo "2680"]

1.e4 c5 2.Nf3 d6 3.Bb5+ Nd7 4.O-O Nf6 5.Re1 e5 6.c3 Be7 7.d4 O-O 8.h3 a6
9.Bf1 b5 10.d5 Ne8 11.a4 Rb8 12.b3 Nc7 13.Na3 Kh8 14.Nc2 g6 15.Bh6 Rg8 16.Ne3 Bf8
17.Bxf8 Qxf8 18.axb5 axb5 19.Ra7 Bb7 20.Qa1 Ra8 21.Rxb7 Rxa1 22.Rxa1 c4 23.Rxc7 cxb3
24.Rxd7 Qc8 25.Rxf7 Rg7 26.Rxg7 Kxg7 27.c4 bxc4 28.Nxc4  1-0